[Event "Wch U16"]
[Site "Khanty-Mansiysk"]
[Date "2016.10.03"]
[Round "11"]
[White "Villca, Julian"]
[Black "Svidersky, Nikita"]
[Result "1-0"]
[WhiteElo "2234"]
[BlackElo "1979"]
[PlyCount "57"]
[EventDate "2016.09.22"]
[EventType "swiss"]
[EventRounds "11"]
[EventCountry "RUS"]
[SourceTitle "EXT 2017"]
[Source "ChessBase"]
[SourceDate "2016.10.25"]
[SourceVersion "1"]
[SourceVersionDate "2016.10.25"]
[SourceQuality "1"]

1. c4 f5 2. g3 Nf6 3. Bg2 g6 4. b3 Bg7 5. Bb2 0-0 6. Nf3 d6 7. d4 Nc6 8. 0-0 e5 9. dxe5 Ng4 10. Nc3 Ngxe5 11. e3 h6 12. Nxe5 Nxe5 13. Qd2 Rb8 14. Rad1 b6 15. Nb5 a6 16. Nd4 Bd7 17. Ne2 g5 18. f4 Ng4 19. Bxg7 Kxg7 20. e4 fxe4 21. h3 gxf4 22. Nxf4 e3 23. Nh5+ Kh8 24. Qd4+ Ne5 25. Rxf8+ Qxf8 26. Qxe3 Nf7 27. Rf1 Qe8 28. Qf4 Qe7 29. Qxf7 1-0